Top 10 Goalscorers in English First Division/Premier League 1990-2000 - Statistics

General Stats
  • This quiz has been taken 405 times
    360 since last reset
  • The average score is 25 of 54
Answer Stats
Hint Answer % Correct
Blackburn Rovers Alan Shearer
95%
Newcastle United Andy Cole
88%
Nottingham Forest/Tottenham Hotspur Teddy Sheringham
88%
Liverpool Michael Owen
87%
Aston Villa Dwight Yorke
86%
Crystal Palace/Arsenal Ian Wright
86%
Arsenal Thierry Henry
86%
Leeds United/Manchester United Eric Cantona
85%
Liverpool Robbie Fowler
83%
Arsenal Dennis Bergkamp
79%
QPR Les Ferdinand
75%
Southampton Matt Le Tissier
75%
Sunderland Kevin Phillips
72%
Liverpool Ian Rush
71%
Norwich City Chris Sutton
70%
Arsenal Alan Smith
69%
Coventry City Dion Dublin
69%
Manchester United Mark Hughes
61%
Chelsea Jimmy Floyd Hasselbaink
58%
Manchester United Ole Gunnar Solskjaer
58%
Arsenal Nicolas Anelka
54%
Tottenham Hotspur Gary Lineker
51%
Tottenham Hotspur Jurgen Klinsmann
51%
Liverpool John Barnes
48%
Coventry City Micky Quinn
45%
Manchester City Niall Quinn
45%
Nottingham Forest Stan Collymore
44%
Everton Peter Beardsley
38%
Wimbledon John Fashanu
37%
Manchester United Brian McClair
34%
Middlesbrough Fabrizio Ravanelli
34%
West Ham United Paolo Di Canio
34%
Crystal Palace Mark Bright
33%
Sheffield United Brian Deane
29%
Crystal Palace Chris Armstrong
28%
Wimbledon Dean Holdsworth
27%
Leeds United Lee Chapman
27%
Derby County Dean Saunders
25%
Sheffield Wednesday David Hirst
24%
Everton Andrei Kanchelskis
23%
Leeds United Michael Bridges
23%
Aston Villa David Platt
22%
Coventry City Darren Huckerby
20%
Derby County Paulo Wanchope
20%
Manchester City David White
19%
Leeds United Rod Wallace
19%
Blackburn Rovers Kevin Gallacher
17%
Tottenham Hotspur Steffen Iversen
16%
Manchester City Uwe Rosler
16%
West Ham United John Hartson
15%
Wimbledon Robbie Earle
14%
Aston Villa Julian Joachim
13%
Middlesbrough Hamilton Ricard
10%
QPR Roy Wegerle
8%
No matching quizzes found
Score Distribution
Percent of People with Each Score
Percentile by Number Answered
Your Score History
You have not taken this quiz since the last reset